000 00942cab a22001935a 4500
001 L142072
008 080123s2008 xxk f 000 0 eng d
035 _a(Sirsi) u142072
041 0 _aeng
100 1 _aYoung, Giselle
245 0 0 _aThis year's models
260 _c2008
490 0 _aProject
_v20(3) December 2007/January 2008, 30-31(2)
520 _aExamines the Association of Project Management's official guide on project management models, "Models to improve the management of projects". The guide streamlines the plethora of project management models down to six workable frameworks; Capability Maturity Model Integration, PRINCE2 Maturity Model, Programme Management Maturity Model, Portfolio, Programme and Project Management Maturity Model, Organisational Project Management Maturity Model, and Project Excellence Model.
590 _aKA
651 4 _aUnited Kingdom
_y
690 _aProject management
_96261
942 _n0
999 _c79722
_d79722